000 00740nam a22002537a 4500
001 BR8501615
003 BR-BrBNA
005 20230928092123.0
007 ta
008 230509b bl.||||| |||| 00| 0 por d
040 _aBR-BrBNA
_bpor
_cBiblioteca Nacional de Agricultura
041 _a(Por)
072 _aH01; D50
_b3870
090 _ 3870 BR8501615
100 1 _aAndrei, E. (ed.)
245 1 _aCompendio de defensivos agricolas. Guia pratico de produtos fitossanitarios para uso agricola
260 3 _aSao Paulo, SP (Brasil):
_bOrganizacao Andrei Editora Ltda.,
_c1985.
300 _a448 p.
650 _aDEFENSIVO
650 _aDEFESA VEGETAL
650 _aLEGISLACAO
909 _a202309
_bLucia
_c55
_dLucia Elande
942 _cBK
999 _c37242
_d37242